000 00443 a2200121 4500
020 _a9780309098830
022 _a15446808
082 _a363.125 BRO
100 _aBrock, John F.
245 _aCTBSSP Synthesis 13 Effectiveness of Commercial Motor Vehicle Driver Training Curricula and Delivery Methods /
_cJohn F. Brock...[et al]
260 _aWashington :
_bTransportation Research Board,
_c2007
300 _a33p. :
_bill. ;
_c30 cm
650 _aMotor Vehicle Driver Training
999 _c2187
_d2187